000
00286nam a22001337a 4500
020
_a
978-81-88452-39-2
082
_a
920
_b
HIT/M
100
_a
HITLER,ADOLF
245
_a
MEIN KAMPF
260
_a
MUMBAI
_b
EMBASSY BOOKS
300
_a
654
650
_a
LIFE OF HITLER
_z
MUMBAI
942
_c
BK
999
_c
5749
_d
5749